Preceňované východiská keynesovstva a podceňovaná rakúska teória hospodárskeho cyklu pri centrálnom riadení ekonomík?

Skúmanie, ako správne pristupovať k hospodárskym cyklom. Funkčnosť rakúskej teórie hospodárskeho cyklu. Kolektívny optimizmus a efekt stádovitosti ako hnací motor boomu. Indikatívny vývoj cyklickosti a identifikácia hospodárskeho cyklu v SR. Štátny intervencionizmus a korona-kríza.

Gespeichert in:
Bibliographische Detailangaben
1. Verfasser: Dvornický, Igor, 1985-
Format: Buchkapitel
Sprache:Slowakisch
Schlagworte:
Tags: Tag hinzufügen
Keine Tags, Fügen Sie das erste Tag hinzu!

MARC

LEADER 00000naa a2200000 4500
001 0274001
005 20260205074216.4
041 0 |a slo 
044 |a SK 
245 1 0 |a Preceňované východiská keynesovstva a podceňovaná rakúska teória hospodárskeho cyklu pri centrálnom riadení ekonomík?  |c Igor Dvornický 
520 |a Skúmanie, ako správne pristupovať k hospodárskym cyklom. Funkčnosť rakúskej teórie hospodárskeho cyklu. Kolektívny optimizmus a efekt stádovitosti ako hnací motor boomu. Indikatívny vývoj cyklickosti a identifikácia hospodárskeho cyklu v SR. Štátny intervencionizmus a korona-kríza. 
610 2 0 |a cykly hospodárske 
610 2 0 |a Rakúsko 
610 2 0 |a Slovensko 
610 2 0 |a stabilita finančná 
100 1 |a Dvornický, Igor, 1985-